[Stratégia medzinárodného podnikania: investície, partneri a ľudské zdroje]
Recenzia na publikáciu, ktorá je venovaná poznatkom priamych zahraničných investícií v stratégiách firiem, medzinárodných aliancií, fúzií a akvizícií.
Enregistré dans:
| Auteur principal: | |
|---|---|
| Format: | Chapitre de livre |
| Langue: | slovaque |
| Sujets: | |
| Tags: |
Pas de tags, Soyez le premier à ajouter un tag!
|
MARC
| LEADER | 00000naa a2200000 4500 | ||
|---|---|---|---|
| 001 | 0148887 | ||
| 005 | 20240502072659.3 | ||
| 041 | 0 | |a slo | |
| 044 | |a SK | ||
| 245 | 1 | 0 | |a [Stratégia medzinárodného podnikania: investície, partneri a ľudské zdroje] |c Elena Kašťáková |
| 520 | |a Recenzia na publikáciu, ktorá je venovaná poznatkom priamych zahraničných investícií v stratégiách firiem, medzinárodných aliancií, fúzií a akvizícií. | ||
| 610 | 2 | 0 | |a recenzie |
| 610 | 2 | 0 | |a stratégia investičná |
| 610 | 2 | 0 | |a akvizícia |
| 610 | 2 | 0 | |a fúzie |
| 610 | 2 | 0 | |a podnikanie medzinárodné |
| 100 | 1 | |a Kašťáková, Elena, 1974- | |